Bienvenue à la Médiathèque de Saint-Andiol
banniere
Accueil Recherche avancée Mon compte
handi1 Rechercher dans le catalogue

Filtre   Mots-clés
  Recherche avancée
 
Lister les dernières nouveautés
 
Lister les livres GROS CARACTERES
 
Lister les périodiques (magazines)

handi1 Amour et la fureur (L')

<< Retourner aux résultats de la recherche
Book Cover
Auteur principal : Martin Suter
Autres auteurs : Olivier Mannoni
Titre : Amour et la fureur (L')
Support : Livres
Langue : Francais
Publié : 2026 Phébus Paris
Genre : Roman
Collection : Littérature étrangère
Sujets :
Étiquettes :
Pas de tags
LEADER 01145nam0a2200229 450
001 16868255
010 |a 978-2-7529-1528-3  |b br.  |d 22,9 € 
100 |a 20251022d2026 u u0frey01 ba 
101 1 |a fre  |c fre 
102 |a FR 
200 0 |a Amour et la fureur (L')  |f Martin Suter  |g traduit de l'allemand (Suisse) par Olivier Mannoni 
207 1 |a   
210 |a Paris  |c Phébus  |d 2026 
215 |a 1 vol. (283 p.)  |d 21 x 14 cm 
225 1 |a Littérature étrangère  |x 0299-0520 
330 |a Lasse de sa vie étriquée, Camilla quitte du jour au lendemain son travail de comptable et son petit ami Noah, un peintre sans le sou qui vit à ses crochets. Si la jeune femme se dit pourtant encore amoureuse, la relation ne lui suffit plus. Désespéré, Noah est prêt à tout pour la reconquérir, jusqu'à accepter la mission de tueur à gages que lui propose Betty, la veuve d'un homme d'affaires. 
676 |a CH833 
700 0 |a Suter  |b Martin  |f 1948-....  |4 70 
702 0 |a Mannoni  |b Olivier  |f 1960-....  |4 730 
900 |a Roman 
901 |a Adultes 
995 |a Médiathèque  |c Médiathèque  |f 00156012460994  |h 00156012460994  |k R SUT  |o p  |q a  |r az  |e Médiathèque